Films de Ontoniente - Statistiques

Statistiques générales
  • Ce quiz a été pris 2 fois
  • Le résultat moyen est 12 sur 22
Statistiques - réponses
Question Réponse % Correct
A la vitesse d'un cheval au galop Moins de 2 étoiles
100%
Grève Party Moins de 2 étoiles
100%
People Jet Set 2 Moins de 2 étoiles
100%
100 % Bio Moins de 2 étoiles
100%
Camping Plus de 2 étoiles
100%
La dernière échappée Plus de 2 étoiles
100%
Les Enfants des Justes Plus de 2 étoiles
100%
Camping 2 Moins de 2 étoiles
50%
Tom est tout seul Moins de 2 étoiles
50%
Jet Set Moins de 2 étoiles
50%
Turf Moins de 2 étoiles
50%
All Inclusive Moins de 2 étoiles
50%
Le Tuteur Plus de 2 étoiles
50%
Tel épris Plus de 2 étoiles
50%
Robin des bois Plus de 2 étoiles
50%
La Remontada Plus de 2 étoiles
50%
3 Zéros Moins de 2 étoiles
0%
Disco Moins de 2 étoiles
0%
4 Zéros Moins de 2 étoiles
0%
Camping 3 Plus de 2 étoiles
0%
Camping 4 Plus de 2 étoiles
0%
Fabien Ontoniente's Que Vado Plus de 2 étoiles
0%
Aucun quiz correspondant
Distribution des résultats
% des personnes avec chaque résultat
Percentile par nombre de réponses
Votre historique - résultats
Vous n’avez pas pris ce quiz